000 00648nam a2200253Ia 4500
003 OSt
005 20221007071852.0
006 a|||||r|||| 00| 0
007 ta
008 221006b |||||||| |||| 00| 0 eng d
020 _a0582119839
024 _a13,861
037 _cTextual
040 _aFLL
_cFLL
_beng
041 _2eng
_aeng
082 _aW:19(zB), J7
100 _aSatow Ernest
_9121070
245 0 _aGuide to diplomatic practice
250 _a4th
260 _aLondon
_bLongman Group Ltd. London
_c1957
300 _a510p
_ccm.
942 _hW:19(zB), J7
_cTEXL
_2CC
999 _c1144528
_d1144528